[Event "Arber Seniors op 6th"]
[Site "Bayerisch Eisenstein"]
[Date "2018.08.05"]
[Round "9"]
[White "Ilzhoefer, Karl Heinz"]
[Black "De Polzer, Manfredi"]
[Result "1-0"]
[WhiteElo "1678"]
[BlackElo "1553"]
[PlyCount "73"]
[EventDate "2018.07.28"]
[EventType "swiss"]
[EventRounds "9"]
[EventCountry "GER"]
[SourceTitle "EXT 2019"]
[Source "ChessBase"]
[SourceDate "2018.10.10"]
[SourceVersion "1"]
[SourceVersionDate "2018.10.10"]
[SourceQuality "1"]

1. e4 c5 2. Nf3 d6 3. Be2 Nc6 4. c3 Nf6 5. d3 e5 6. 0-0 Be7 7. h3 Bd7 8. Na3 a6 9. Nc2 a5 10. Ne3 Be6 11. Qa4 0-0 12. d4 Bd7 13. dxe5 Nxe5 14. Qc2 Bc6 15. Nd2 b5 16. f4 Ng6 17. g3 c4 18. Ng4 Qb6+ 19. Kh2 Nxg4+ 20. Bxg4 Rad8 21. Nf3 Bf6 22. Qe2 Rfe8 23. Be3 Qb7 24. Qf2 Re7 25. Bb6 Ra8 26. Rad1 Rxe4 27. Rxd6 Rae8 28. Rd2 a4 29. Bf5 R4e7 30. Bc5 Rc7 31. Bd6 Bxf3 32. Bxc7 Bc6 33. Qb6 Qxb6 34. Bxb6 Nf8 35. Rd6 Re2+ 36. Rf2 Re1 37. Rxc6 1-0

[Event "Arber Seniors op 6th"]
[Site "Bayerisch Eisenstein"]
[Date "2018.07.29"]
[Round "2"]
[White "Ilzhoefer, Karl Heinz"]
[Black "Latzel, Wolfgang"]
[Result "0-1"]
[WhiteElo "1678"]
[BlackElo "1893"]
[PlyCount "72"]
[EventDate "2018.07.28"]
[EventType "swiss"]
[EventRounds "9"]
[EventCountry "GER"]
[SourceTitle "CBM 185 Extra"]
[Source "ChessBase"]
[SourceDate "2018.07.29"]
[SourceVersion "1"]
[SourceVersionDate "2018.07.29"]
[SourceQuality "1"]

1. e4 d6 2. d4 g6 3. Bc4 Bg7 4. Ne2 Nf6 5. f3 d5 6. exd5 Nxd5 7. c3 0-0 8. Bg5 c6 9. Qd2 Nd7 10. 0-0 N7f6 11. Na3 Qc7 12. Bb3 e5 13. dxe5 Qxe5 14. Rfe1 Qc7 15. Rad1 Re8 16. Nc2 Bd7 17. c4 Nb6 18. Bf4 Qc8 19. Ncd4 c5 20. Nc2 Bc6 21. Ne3 Nh5 22. Bg5 h6 23. Bh4 Nf6 24. Nc3 Rd8 25. Ned5 Bxd5 26. cxd5 c4 27. Bxf6 Bxf6 28. Ne4 Bg7 29. Bc2 Rxd5 30. Qb4 Rxd1 31. Rxd1 Qc7 32. Nd6 Rd8 33. Nb5 Rxd1+ 34. Bxd1 Qe5 35. Kf1 Nd5 36. Be2 Nxb4 0-1

[Event "Stuttgart-chB int"]
[Site "Ditzingen"]
[Date "2008.05.03"]
[Round "6"]
[White "Maisch, Julian"]
[Black "Ilzhoefer, Karl Heinz"]
[Result "1-0"]
[WhiteElo "1574"]
[BlackElo "1646"]
[PlyCount "163"]
[EventDate "2008.05.01"]
[EventType "swiss"]
[EventRounds "7"]
[EventCountry "GER"]
[SourceTitle "EXT 2018"]
[Source "ChessBase"]
[SourceDate "2017.10.13"]
[SourceVersion "1"]
[SourceVersionDate "2017.10.13"]
[SourceQuality "1"]

1. e4 e6 2. d4 d5 3. e5 c5 4. c3 Qb6 5. Nf3 Nc6 6. Qd3 a6 7. Be2 cxd4 8. cxd4 Bb4+ 9. Nc3 Nge7 10. a3 Bxc3+ 11. bxc3 Bd7 12. Bd2 Na5 13. Qc2 Rc8 14. Rb1 Qc7 15. 0-0 b5 16. Rfc1 Nc4 17. Bxc4 Qxc4 18. Bg5 Ng6 19. Nd2 Qc7 20. Nb3 Qb6 21. h4 h6 22. h5 Nxe5 23. Bxh6 Rxh6 24. dxe5 Rxh5 25. Nd4 Ke7 26. f4 Qc5 27. Rb3 Rch8 28. Kf2 Rh2 29. a4 bxa4 30. Rb7 Rc8 31. Qxa4 Rc7 32. Rxc7 Qxc7 33. Qxa6 Qc5 34. Qb7 Rh8 35. Qb4 Rc8 36. Qxc5+ Rxc5 37. g3 f6 38. Ke3 Ra5 39. c4 Ra3+ 40. Kf2 Rd3 41. Ne2 d4 42. Ra1 Bc6 43. Ra7+ Kf8 44. exf6 gxf6 45. Ra6 Rf3+ 46. Ke1 Re3 47. Kd2 Be4 48. Rxe6 Kf7 49. Rd6 Bd3 50. Rxd4 Rxe2+ 51. Kxd3 Rg2 52. c5 Rxg3+ 53. Kc4 Ke7 54. Kd5 Kd7 55. Kc4+ Kc7 56. Kb5 Rb3+ 57. Rb4 Rc3 58. Re4 Rb3+ 59. Kc4 Rf3 60. Kd5 Rc3 61. Re6 Rd3+ 62. Kc4 Rd1 63. Rxf6 Rc1+ 64. Kd4 Rd1+ 65. Ke4 Rc1 66. c6 Rc5 67. Kf3 Kd8 68. Kg4 Ke7 69. Rh6 Kf8 70. f5 Rc1 71. Rf6+ Ke7 72. Re6+ Kf7 73. Kf4 Rc5 74. Ke4 Kf8 75. Rh6 Kg7 76. Rd6 Kf8 77. Kd4 Rc1 78. Ke5 Re1+ 79. Kf6 Ke8 80. Re6+ Rxe6+ 81. Kxe6 Kd8 82. c7+ 1-0